Normal view
MARC view
- Eastman S.T. & Ferguson D.A
Entry Personal Name
001 - CONTROL NUMBER
- control field: 190533
003 - CONTROL NUMBER IDENTIFIER
- control field: OSt
005 - DATE AND TIME OF LATEST TRANSACTION
- control field: 20230714213051.0
008 - FIXED-LENGTH DATA ELEMENTS
- fixed length control field: 230714|| aca||aabn | a|a d
040 ## - CATALOGING SOURCE
- Original cataloging agency: OSt
- Transcribing agency: OSt
100 ## - HEADING--PERSONAL NAME
- Personal name: Eastman S.T. & Ferguson D.A
670 ## - SOURCE DATA FOUND
- Source citation: Work cat.: (OSt)196954: Eastman S.T. 168950, Electronic Media, 2008